00693nam a2200193 i 450000100060000000300090000600500170001500700030003200800410003510000360007624500880011226000430020030000330024349000220027683000300029885200320032899900170036095201220037739601ES-MaACL20240613063024.0t|030303s1968 sp ||||1| spa d0 aCanales, Alfonso,d1923-93438710aRecuerdos del Perchel y Elegía de las calles del Perchel / cpor Alfonso Canales. aMálaga : b[s.n.], c1968 (fUrania) a330 p., 27 lám. ; c23 cm.1 aCosas de Málaga0 aCosas de Málaga9229710 aES-MaACLjC-47947 bR.69368 c39601d39601 00104070aATENEOMbATENEOMcDEPO2d2008-01-17eSCl0oC-47947p1041706r2023-02-23 00:00:00w2023-02-23yMONOGRAFIA